000 00893cab a2200253 4500
001 ABS43029
008 090401t1990 xxu||||| |||| 00| 0 eng d
035 _a(Sirsi) u40051
041 _aeng
100 _aHolloway, J.
245 _aSick Building Syndrome - a potential legal nightmare?
260 _c1990
350 _a0
490 _aProperty Journal
_v15 (3) June 1990, 18-21 (4)
520 _aLooks at the problems of SBS and the implications for developers, employers, contractors manufacturers and design teams regarding civil liability. Discusses relevant legislation.
650 _aCOSHH
650 _aEMPLOYERS LIABILITY DEFECTIVE EQUIPMENT ACT 1969
650 _aHEALTH AND SAFETY AT WORK ETC ACT 1974
650 _aHEATING AND VENTILATION
650 _aLEGIONNAIRES' DISEASE
690 _aBUILT ENVIRONMENT-BUILDING STANDARDS
942 _n0
948 _c04/03/1997
999 _c25652
_d25652